Costa Rica: evolución histórica de una democracia
Đã lưu trong:
| Tác giả chính: | |
|---|---|
| Định dạng: | Texto |
| Được phát hành: |
Heredia:
UNA. Instituto de Estudios Latinoamericanos
|
| Các nhãn: |
Thêm thẻ
Không có thẻ, Là người đầu tiên thẻ bản ghi này!
|
MARC
| LEADER | 00000 a a2200000 04500 | ||
|---|---|---|---|
| 001 | 15036 | ||
| 003 | |||
| 040 | |||
| 090 | |a 023800 | ||
| 100 | |a Aguilar Bulgarelli, Oscar | ||
| 245 | |a Costa Rica: evolución histórica de una democracia | ||
| 260 | |a Heredia: |b UNA. Instituto de Estudios Latinoamericanos | ||
| 300 | |a 81 p. | ||
| 999 | |c 10972 |d 10972 | ||
